| 000 | 01487cam a2200337 i 4500 | ||
|---|---|---|---|
| 999 |
_c12191 _d12191 |
||
| 001 | 12191 | ||
| 003 | Mx-PuUPA | ||
| 005 | 20200531212840.0 | ||
| 008 | 140415s1992 mx abh r 000 0 spa d | ||
| 020 | _a9681637119 | ||
| 040 |
_aMX-PuUPA _bspa _erda _cMx-PuUPA _dMx-PuUPA |
||
| 041 | 0 | _aspa | |
| 130 | 0 | _aCódice Zouche-Nuttall | |
| 245 | 1 | 0 |
_aCrónica Mixteca, el Rey 8 Venado, Garra de Jaguar, y la dinastía de Teozacualco-Zaachila : _blibro explicativo del llamado Códice Zouche-Nuttall / _cintroducción y explicación Ferdinand Anders, Maarten Jansen, Gabina Aurora Pérez Jiménez. |
| 250 | _aPrimera edición | ||
| 264 | 1 |
_aMéxico, D.F. : _bFondo de Cultura Económica, _c1992 |
|
| 300 |
_a255 páginas, 3 hojas plegadas sin númeración : _bilustraciones, mapas, facsímil (principalemente a color) ; _c23 cm. + _e1 Códice facsimilar (1 hoja plegada : ilustraciones (principalmente a color) ; 20 cm.) |
||
| 336 |
_atexto _2rdacontent _btxt |
||
| 337 |
_asin medio _2rdamedia _bn |
||
| 338 |
_avolumen _2rdacarrier _bnc |
||
| 490 | 0 |
_aCódices mexicanos ; _v2 |
|
| 650 | 4 | _aCódice Nuttall | |
| 650 | 4 |
_aIndígenas Mixtecos _xReyes gobernantes |
|
| 650 | 4 |
_aIndígenas Mixtecos _xHistoria |
|
| 650 | 4 |
_aLenguaje Mixteco _xEscritura |
|
| 700 | 1 |
_aAnders, Ferdinand, _ecolaborador |
|
| 700 | 1 |
_aJansen, Maarten, _ecolaborador |
|
| 700 | 1 |
_aPérez Jiménez, Gabina Aurora, _ecolaborador |
|
| 942 |
_2ddc _cLI _h972.01 _iC669 |
||